| 000 | 00738cam a2200205 i 4500 | ||
|---|---|---|---|
| 999 |
_c59812 _d59812 |
||
| 001 | 21467951 | ||
| 005 | 20230421145707.0 | ||
| 008 | 200313s2021 caua b 001 0 eng | ||
| 020 | _a9781544362571x | ||
| 041 | _aeng | ||
| 080 | _a615.1 P-94 | ||
| 100 |
_aPrus, Adam J. _917732 |
||
| 245 | 1 | 0 |
_aDrugs and the neuroscience of behavior : _ban introduction to psychopharmacology / _cAdam Prus. |
| 250 | _aThird edition. | ||
| 264 | 1 |
_aLos Angeles : _bSAGE, _c2021. |
|
| 300 |
_a646 pages : _billustrations (some color) ; _c24 cm. |
||
| 653 | _aნარკოტიკები და ქცევის ნეირომეცნიერება | ||
| 653 | _aფსიქოფარმაკოლოგია | ||
| 942 |
_2udc _cBK |
||